000 00534nam a22001697a 4500
005 20250120092259.0
008 250120b |||||||| |||| 00| 0 eng d
020 _a9780749416805
050 _aHF5549
_b.W31 WAD
100 _aWade Pamela A.
245 _aMeasuring the Impact of Training:
_bThe practical guide to calculating measurable results/
_cPamela A. Wade
250 _a1st Ed.
260 _aLondon
_bKogan Page Ltd.
_c1995
300 _avii. 105p.
_bill.
_c25 cm x 17.5 cm
650 _2Training
942 _2lcc
_cBK
_e1st Ed.
_n0
999 _c2698
_d2698